[Event "1SM"]
[Site "Sharjah Chess Club"]
[Date "2017.03.25"]
[Round "3.7"]
[White "Kryvoruchko, Yuriy"]
[Black "Vishnu, Prasanna. V"]
[Result "1-0"]
[BlackElo "2534"]
[WhiteElo "2708"]
[LiveChessVersion "1.4.8"]

1. e4 {[%clk 1:40:57]} c5 {[%clk 1:40:52]} 2. Nf3 {[%clk 1:41:17]} d6
{[%clk 1:41:18]} 3. Bb5+ {[%clk 1:41:21]} Nd7 {[%clk 1:41:39]} 4. c3
{[%clk 1:41:05]} Ngf6 {[%clk 1:41:55]} 5. Qe2 {[%clk 1:41:21]} a6
{[%clk 1:41:01]} 6. Ba4 {[%clk 1:41:44]} e5 {[%clk 1:40:44]} 7. O-O
{[%clk 1:39:40]} Be7 {[%clk 1:40:35]} 8. d4 {[%clk 1:40:00]} b5 {[%clk 1:40:46]}
9. Bc2 {[%clk 1:40:22]} O-O {[%clk 1:41:05]} 10. d5 {[%clk 1:39:11]} c4
{[%clk 1:30:56]} 11. b4 {[%clk 1:36:47]} cxb3 {[%clk 1:30:44]} 12. axb3
{[%clk 1:37:12]} Qc7 {[%clk 1:29:53]} 13. Bd2 {[%clk 1:29:58]} Nh5
{[%clk 1:18:12]} 14. c4 {[%clk 1:19:59]} bxc4 {[%clk 1:12:14]} 15. Qxc4
{[%clk 1:19:35]} Qd8 {[%clk 0:56:51]} 16. Ba5 {[%clk 1:14:18]} Qe8
{[%clk 0:57:10]} 17. Nbd2 {[%clk 1:10:18]} f5 {[%clk 0:50:09]} 18. exf5
{[%clk 1:10:06]} Bb7 {[%clk 0:47:19]} 19. Rfc1 {[%clk 0:52:40]} Ndf6
{[%clk 0:37:25]} 20. Qa4 {[%clk 0:38:43]} Nf4 {[%clk 0:30:53]} 21. Qxe8
{[%clk 0:38:47]} Rfxe8 {[%clk 0:28:13]} 22. Kf1 {[%clk 0:37:38]} Bxd5
{[%clk 0:28:08]} 23. g3 {[%clk 0:36:50]} Nh3 {[%clk 0:26:16]} 24. Re1
{[%clk 0:34:30]} Ng4 {[%clk 0:22:01]} 25. Bb6 {[%clk 0:22:26]} Rac8
{[%clk 0:19:19]} 26. Bd3 {[%clk 0:18:01]} Rc6 {[%clk 0:10:19]} 27. Rxa6
{[%clk 0:15:43]} Rb8 {[%clk 0:09:55]} 28. Ra4 {[%clk 0:14:58]} h5
{[%clk 0:07:27]} 29. Ba7 {[%clk 0:14:09]} Bxf3 {[%clk 0:04:04]} 30. Nxf3
{[%clk 0:14:21]} Rxb3 {[%clk 0:04:15]} 31. Be4 {[%clk 0:14:08]} Rxf3
{[%clk 0:03:43]} 32. Bxc6 {[%clk 0:13:05]} Rxf5 {[%clk 0:04:04]} 33. Bd5+
{[%clk 0:12:18]} Kh8 {[%clk 0:04:28]} 34. Be6 {[%clk 0:12:25]} Rf8
{[%clk 0:03:36]} 35. Bxg4 {[%clk 0:12:32]} hxg4 {[%clk 0:04:01]} 36. Rxg4
{[%clk 0:12:07]} Ng5 {[%clk 0:04:24]} 37. Kg2 {[%clk 0:12:19]} Kg8
{[%clk 0:04:43]} 38. Rb4 {[%clk 0:11:02]} Rc8 {[%clk 0:04:12]} 39. Rb7
{[%clk 0:08:48]} Bf8 {[%clk 0:04:35]} 40. Be3 {[%clk 0:08:42]} Ne4
{[%clk 0:04:47]} 41. Rc1 {[%clk 0:08:56]} Ra8 {[%clk 0:04:45]} 42. Rcc7
{[%clk 0:06:07]} d5 {[%clk 0:04:53]} 43. Ra7 {[%clk 0:03:57]} Rb8
{[%clk 0:05:14]} 44. Bc1 {[%clk 0:04:17]} d4 {[%clk 0:05:27]} 45. Ba3
{[%clk 0:04:01]} Bxa3 {[%clk 0:05:47]} 46. Rxa3 {[%clk 0:04:28]} Rb2
{[%clk 0:06:10]} 47. Rf3 {[%clk 0:02:31]} Nf6 {[%clk 0:06:35]} 48. Re7
{[%clk 0:00:54]} e4 {[%clk 0:06:29]} 49. Rxf6 {[%clk 0:01:08]} gxf6
{[%clk 0:06:52]} 50. Rxe4 {[%clk 0:01:36]} Rd2 {[%clk 0:06:59]} 51. Kf1
{[%clk 0:01:00]} d3 {[%clk 0:06:58]} 52. Kg2 {[%clk 0:00:58]} Kf7
{[%clk 0:06:47]} 53. Kf3 {[%clk 0:01:14]} Rb2 {[%clk 0:06:18]} 54. Rd4
{[%clk 0:01:34]} d2 {[%clk 0:06:30]} 55. Ke3 {[%clk 0:01:39]} Kg6
{[%clk 0:05:56]} 56. Rxd2 {[%clk 0:02:05]} Rb3+ {[%clk 0:06:23]} 57. Rd3
{[%clk 0:02:31]} Rb2 {[%clk 0:06:32]} 58. Kf3 {[%clk 0:02:56]} f5
{[%clk 0:06:29]} 59. h4 {[%clk 0:03:09]} 1-0

[Event "1SM"]
[Site "Sharjah Chess Club"]
[Date "2017.03.25"]
[Round "3.9"]
[White "Naiditsch, Arkadij"]
[Black "Xu, Yinglun"]
[Result "1/2-1/2"]
[BlackElo "2540"]
[WhiteElo "2702"]
[LiveChessVersion "1.4.8"]

1. e4 {[%clk 1:40:56]} c5 {[%clk 1:40:53]} 2. Nf3 {[%clk 1:41:20]} d6
{[%clk 1:41:17]} 3. d4 {[%clk 1:41:43]} cxd4 {[%clk 1:41:42]} 4. Nxd4
{[%clk 1:42:06]} Nf6 {[%clk 1:42:07]} 5. Nc3 {[%clk 1:42:29]} a6 {[%clk 1:42:31]}
6. g3 {[%clk 1:42:21]} Nc6 {[%clk 1:42:00]} 7. Bg2 {[%clk 1:42:05]} Bd7
{[%clk 1:42:23]} 8. Nde2 {[%clk 1:39:08]} e6 {[%clk 1:40:48]} 9. a4
{[%clk 1:36:23]} Be7 {[%clk 1:38:31]} 10. b3 {[%clk 1:34:37]} O-O
{[%clk 1:35:30]} 11. O-O {[%clk 1:34:57]} Qc7 {[%clk 1:30:00]} 12. Bb2
{[%clk 1:33:56]} Rfd8 {[%clk 1:23:53]} 13. Qd2 {[%clk 1:30:01]} Be8
{[%clk 1:23:41]} 14. h3 {[%clk 1:20:59]} Rac8 {[%clk 1:18:14]} 15. Rfc1
{[%clk 1:12:17]} d5 {[%clk 0:56:24]} 16. exd5 {[%clk 1:12:32]} Nb4
{[%clk 0:56:22]} 17. Nf4 {[%clk 1:08:16]} Bc6 {[%clk 0:49:51]} 18. Qe2
{[%clk 0:44:47]} exd5 {[%clk 0:44:10]} 19. Na2 {[%clk 0:33:22]} d4
{[%clk 0:39:35]} 20. Nxb4 {[%clk 0:32:19]} Bxb4 {[%clk 0:39:53]} 21. c3
{[%clk 0:31:14]} Bd6 {[%clk 0:27:32]} 22. cxd4 {[%clk 0:27:04]} Bxf4
{[%clk 0:27:17]} 23. gxf4 {[%clk 0:27:28]} Qxf4 {[%clk 0:27:19]} 24. Qe5
{[%clk 0:27:04]} Qh6 {[%clk 0:18:48]} 25. d5 {[%clk 0:24:33]} Nxd5
{[%clk 0:17:55]} 26. Rc4 {[%clk 0:18:56]} Re8 {[%clk 0:15:31]} 27. Qg3
{[%clk 0:18:47]} Nf6 {[%clk 0:15:50]} 28. Rac1 {[%clk 0:17:45]} Nh5
{[%clk 0:11:31]} 29. Qg4 {[%clk 0:17:51]} Re6 {[%clk 0:09:56]} 30. R1c2
{[%clk 0:11:24]} Nf6 {[%clk 0:05:21]} 1/2-1/2

[Event "1SM"]
[Site "Sharjah Chess Club"]
[Date "2017.03.25"]
[Round "3.10"]
[White "Harika, Dronavalli"]
[Black "Anton Guijarro, David"]
[Result "1/2-1/2"]
[BlackElo "2676"]
[WhiteElo "2539"]
[LiveChessVersion "1.4.8"]

1. e4 {[%clk 1:40:56]} e5 {[%clk 1:39:51]} 2. Nf3 {[%clk 1:41:13]} Nc6
{[%clk 1:40:16]} 3. Bb5 {[%clk 1:41:31]} a6 {[%clk 1:40:21]} 4. Ba4
{[%clk 1:41:44]} Nf6 {[%clk 1:40:17]} 5. O-O {[%clk 1:41:48]} Be7
{[%clk 1:40:29]} 6. Re1 {[%clk 1:41:42]} b5 {[%clk 1:40:25]} 7. Bb3
{[%clk 1:42:00]} d6 {[%clk 1:40:41]} 8. c3 {[%clk 1:42:20]} O-O {[%clk 1:40:16]}
9. d4 {[%clk 1:42:41]} Bg4 {[%clk 1:39:08]} 10. Be3 {[%clk 1:42:55]} exd4
{[%clk 1:31:06]} 11. cxd4 {[%clk 1:42:50]} d5 {[%clk 1:31:25]} 12. e5
{[%clk 1:42:32]} Ne4 {[%clk 1:31:51]} 13. h3 {[%clk 1:41:37]} Bh5
{[%clk 1:31:57]} 14. Nbd2 {[%clk 1:41:31]} Nxd2 {[%clk 1:24:37]} 15. Qxd2
{[%clk 1:41:08]} Qd7 {[%clk 1:22:29]} 16. Rac1 {[%clk 1:10:30]} Rab8
{[%clk 1:07:17]} 17. a3 {[%clk 0:57:05]} Bxf3 {[%clk 1:04:06]} 18. gxf3
{[%clk 0:56:52]} Nd8 {[%clk 1:02:19]} 19. Kh2 {[%clk 0:53:08]} f5
{[%clk 1:00:02]} 20. Rg1 {[%clk 0:42:27]} Ne6 {[%clk 0:57:22]} 21. f4
{[%clk 0:42:19]} Kh8 {[%clk 0:55:28]} 22. Qc2 {[%clk 0:37:53]} Rb6
{[%clk 0:49:42]} 23. a4 {[%clk 0:36:41]} Bb4 {[%clk 0:47:16]} 24. Qd1
{[%clk 0:33:51]} g6 {[%clk 0:42:06]} 25. Qf3 {[%clk 0:32:09]} Rd8
{[%clk 0:39:11]} 26. axb5 {[%clk 0:28:13]} axb5 {[%clk 0:38:59]} 27. Qg3
{[%clk 0:23:38]} Ra6 {[%clk 0:32:38]} 28. h4 {[%clk 0:18:31]} Ng7
{[%clk 0:25:30]} 29. Qh3 {[%clk 0:16:13]} Be7 {[%clk 0:18:02]} 30. Bd1
{[%clk 0:16:40]} h5 {[%clk 0:17:51]} 31. Bb3 {[%clk 0:15:52]} Kh7
{[%clk 0:16:58]} 32. Qg3 {[%clk 0:15:14]} Re6 {[%clk 0:15:58]} 33. Kh3
{[%clk 0:13:57]} c6 {[%clk 0:15:29]} 34. Ra1 {[%clk 0:12:31]} Qb7
{[%clk 0:14:17]} 35. Rg2 {[%clk 0:12:10]} Ra8 {[%clk 0:13:57]} 36. Rag1
{[%clk 0:12:33]} Bd8 {[%clk 0:12:12]} 37. Bd2 {[%clk 0:09:56]} Bb6
{[%clk 0:10:34]} 38. Qd3 {[%clk 0:09:37]} Ra6 {[%clk 0:09:48]} 39. Bb4
{[%clk 0:06:46]} Qa8 {[%clk 0:07:56]} 40. Kh2 {[%clk 0:05:17]} Ra1
{[%clk 0:03:57]} 41. Rxa1 {[%clk 0:03:26]} Qxa1 {[%clk 0:04:26]} 42. Bf8
{[%clk 0:03:36]} Qa7 {[%clk 0:02:35]} 43. Bc2 {[%clk 0:02:32]} Re8
{[%clk 0:01:32]} 44. Bxg7 {[%clk 0:00:38]} Qxg7 {[%clk 0:01:57]} 45. Kh3
{[%clk 0:00:50]} Ra8 {[%clk 0:01:33]} 46. Rg1 {[%clk 0:00:38]} Qf7
{[%clk 0:00:41]} 47. Qc3 {[%clk 0:00:51]} Qe6 {[%clk 0:00:52]} 48. Bd3
{[%clk 0:01:03]} Ra4 {[%clk 0:00:45]} 49. b4 {[%clk 0:01:21]} Bd8
{[%clk 0:00:38]} 50. Bc2 {[%clk 0:01:03]} Ra6 {[%clk 0:00:52]} 51. Bd1
{[%clk 0:00:44]} Qf7 {[%clk 0:00:35]} 52. Rg3 {[%clk 0:00:43]} Qe7
{[%clk 0:00:40]} 53. Rg5 {[%clk 0:00:53]} Qe6 {[%clk 0:00:33]} 54. Rg3
{[%clk 0:01:18]} Ra2 {[%clk 0:00:40]} 55. Rg2 {[%clk 0:01:09]} Qe7
{[%clk 0:00:44]} 56. Rg5 {[%clk 0:01:10]} Rxf2 {[%clk 0:00:40]} 57. Bxh5
{[%clk 0:01:06]} gxh5 {[%clk 0:00:31]} 58. Rxh5+ {[%clk 0:01:07]} Kg6
{[%clk 0:00:36]} 59. Rg5+ {[%clk 0:01:20]} Kh7 {[%clk 0:00:46]} 60. Rh5+
{[%clk 0:01:36]} Kg6 {[%clk 0:01:12]} 61. Rg5+ {[%clk 0:01:59]} Kh7
{[%clk 0:01:33]} 62. Qg3 {[%clk 0:01:24]} Qf7 {[%clk 0:01:39]} 63. e6
{[%clk 0:00:56]} Qe8 {[%clk 0:01:31]} 64. Rg7+ {[%clk 0:00:52]} Kh6
{[%clk 0:01:22]} 65. Rf7 {[%clk 0:00:38]} Rf3 {[%clk 0:01:28]} 66. Qxf3
{[%clk 0:00:58]} Qxe6 {[%clk 0:01:57]} 67. Rf8 {[%clk 0:00:39]} Bf6
{[%clk 0:01:52]} 68. Qg3 {[%clk 0:00:59]} Kh7 {[%clk 0:01:48]} 69. h5
{[%clk 0:00:43]} Bxd4 {[%clk 0:01:54]} 70. Qg6+ {[%clk 0:00:38]} Qxg6
{[%clk 0:02:19]} 71. hxg6+ {[%clk 0:01:05]} Kxg6 {[%clk 0:02:21]} 72. Rc8
{[%clk 0:01:31]} Kf7 {[%clk 0:01:38]} 73. Rxc6 {[%clk 0:01:55]} Ke7
{[%clk 0:01:54]} 74. Kh4 {[%clk 0:02:04]} Bf6+ {[%clk 0:01:31]} 75. Kg3
{[%clk 0:01:30]} Bd4 {[%clk 0:01:59]} 76. Kf3 {[%clk 0:00:53]} Kd7
{[%clk 0:02:11]} 77. Rc2 {[%clk 0:01:15]} Bb6 {[%clk 0:02:22]} 78. Rh2
{[%clk 0:01:18]} Bd8 {[%clk 0:01:40]} 79. Rh7+ {[%clk 0:01:09]} Be7
{[%clk 0:01:39]} 80. Ke3 {[%clk 0:01:35]} Ke6 {[%clk 0:01:50]} 81. Kd4
{[%clk 0:01:41]} Bxb4 {[%clk 0:02:00]} 82. Rh6+ {[%clk 0:02:06]} Kf7
{[%clk 0:01:48]} 83. Kxd5 {[%clk 0:01:11]} Bc3 {[%clk 0:01:39]} 84. Rh7+
{[%clk 0:00:38]} Kf6 {[%clk 0:01:07]} 85. Rc7 {[%clk 0:00:54]} b4
{[%clk 0:01:12]} 86. Rc6+ {[%clk 0:00:59]} Kf7 {[%clk 0:00:54]} 87. Rb6
{[%clk 0:01:23]} Ke7 {[%clk 0:00:53]} 88. Re6+ {[%clk 0:01:02]} Kf7
{[%clk 0:01:02]} 89. Rb6 {[%clk 0:01:20]} Ke7 {[%clk 0:01:28]} 90. Rb8
{[%clk 0:01:37]} Kf7 {[%clk 0:00:47]} 91. Rb6 {[%clk 0:01:43]} 1/2-1/2

[Event "1SM"]
[Site "Sharjah Chess Club"]
[Date "2017.03.25"]
[Round "3.11"]
[White "Kuybokarov, Temur"]
[Black "Akopian, Vladimir"]
[Result "0-1"]
[BlackElo "2675"]
[WhiteElo "2491"]
[LiveChessVersion "1.4.8"]

1. e4 {[%clk 1:40:58]} c6 {[%clk 1:40:41]} 2. d4 {[%clk 1:41:15]} d5
{[%clk 1:40:58]} 3. e5 {[%clk 1:41:35]} Bf5 {[%clk 1:41:21]} 4. Nf3
{[%clk 1:41:56]} e6 {[%clk 1:41:44]} 5. Be2 {[%clk 1:42:16]} c5 {[%clk 1:41:05]}
6. O-O {[%clk 1:42:19]} Nc6 {[%clk 1:41:04]} 7. c3 {[%clk 1:42:29]} Bg6
{[%clk 1:40:57]} 8. Be3 {[%clk 1:32:37]} cxd4 {[%clk 1:40:53]} 9. cxd4
{[%clk 1:27:47]} Nge7 {[%clk 1:40:55]} 10. Nh4 {[%clk 1:24:34]} Nf5
{[%clk 1:40:46]} 11. Nxf5 {[%clk 1:23:10]} Bxf5 {[%clk 1:41:10]} 12. Nc3
{[%clk 1:22:54]} Be7 {[%clk 1:41:30]} 13. f4 {[%clk 1:21:09]} Bg6
{[%clk 1:40:37]} 14. a3 {[%clk 1:17:19]} O-O {[%clk 1:37:21]} 15. b4
{[%clk 1:11:42]} Rc8 {[%clk 1:32:54]} 16. Qb3 {[%clk 1:07:37]} a5
{[%clk 1:22:55]} 17. g4 {[%clk 0:44:46]} axb4 {[%clk 1:06:12]} 18. axb4
{[%clk 0:43:16]} Qb6 {[%clk 1:03:32]} 19. f5 {[%clk 0:29:07]} Nxd4
{[%clk 1:03:03]} 20. Qd1 {[%clk 0:28:32]} Nxe2+ {[%clk 1:00:44]} 21. Qxe2
{[%clk 0:27:34]} Qxb4 {[%clk 0:55:27]} 22. Nd1 {[%clk 0:23:59]} d4
{[%clk 0:49:12]} 23. Rf4 {[%clk 0:19:34]} exf5 {[%clk 0:46:37]} 24. gxf5
{[%clk 0:17:41]} Bxf5 {[%clk 0:46:37]} 25. Bd2 {[%clk 0:17:26]} Qb6
{[%clk 0:46:39]} 26. Nf2 {[%clk 0:13:29]} d3 {[%clk 0:41:52]} 27. Qf3
{[%clk 0:12:30]} Bg6 {[%clk 0:40:12]} 28. h4 {[%clk 0:08:15]} Rc2
{[%clk 0:36:22]} 29. Be3 {[%clk 0:05:31]} Qc6 {[%clk 0:32:36]} 30. Qxc6
{[%clk 0:04:44]} bxc6 {[%clk 0:32:59]} 31. Rd1 {[%clk 0:04:24]} Rd8
{[%clk 0:30:37]} 32. h5 {[%clk 0:03:40]} Bxh5 {[%clk 0:30:44]} 33. Rxd3
{[%clk 0:04:02]} Rxd3 {[%clk 0:30:42]} 34. Nxd3 {[%clk 0:04:29]} Bg5
{[%clk 0:25:24]} 0-1

[Event "1SM"]
[Site "Sharjah Chess Club"]
[Date "2017.03.25"]
[Round "3.12"]
[White "Iturrizaga Bonelli, Eduardo"]
[Black "Sunilduth Lyna, Narayanan"]
[Result "1/2-1/2"]
[BlackElo "2526"]
[WhiteElo "2673"]
[LiveChessVersion "1.4.8"]

1. Nf3 {[%clk 1:40:54]} Nf6 {[%clk 1:40:36]} 2. g3 g6 3. Bg2 Bg7 4. c4 O-O 5. O-O
c6 6. b3 d5 7. Bb2 Bg4 8. d3 Bxf3 9. Bxf3 Nbd7 10. Nd2 e5 11. Rc1 Re8 12. Bg2 a5
13. cxd5 cxd5 14. Nb1 Bh6 15. Rc2 Nb8 16. Nc3 Nc6 17. Nb5 Qd7 18. a4 d4 19. Ba3
Bf8 20. Bxf8 Rxf8 21. Qd2 Rfc8 22. Rc5 Qe6 23. Rfc1 Kg7 24. Qb2 Ra6 25. Na3 Ne8
26. Nc4 Nd6 27. Nxe5 Nxe5 28. Rxc8 Nxc8 29. Bxb7 Rc6 30. Bxc6 Nxc6 31. Rxc6 Qxc6
32. Qxd4+ f6 33. Qd8 Nb6 34. Qe7+ Kg8 35. e4 f5 36. h4 fxe4 37. dxe4 Nd7 38. Qe8+
Kg7 39. Qe7+ Kg8 40. h5 gxh5 41. Qg5+ Kf8 42. Qxa5 Qxe4 43. Qd8+ Qe8 44. Qxe8+
Kxe8 45. a5 Kd8 46. Kg2 Kc7 47. Kf3 Kc6 48. Kf4 Nc5 49. Kf5 Nxb3 50. a6 Nc5 51.
a7 Kb7 52. f3 Kxa7 53. Kg5 Kb6 54. Kxh5 Kc6 55. Kh6 Kd6 56. Kxh7 Ke5 57. Kg6 Ne6
58. f4+ Nxf4+ 59. gxf4+ Kxf4 1/2-1/2

[Event "1SM"]
[Site "Sharjah Chess Club"]
[Date "2017.03.25"]
[Round "3.13"]
[White "Santos Ruiz, Miguel"]
[Black "Sargissian, Gabriel"]
[Result "1/2-1/2"]
[BlackElo "2666"]
[WhiteElo "2480"]
[LiveChessVersion "1.4.8"]

1. c4 {[%clk 1:40:55]} e5 {[%clk 1:39:45]} 2. Nc3 {[%clk 1:41:11]} Nf6
{[%clk 1:39:49]} 3. Nf3 {[%clk 1:41:28]} Nc6 {[%clk 1:40:13]} 4. e3
{[%clk 1:41:51]} Bb4 {[%clk 1:39:21]} 5. Qc2 {[%clk 1:42:08]} O-O
{[%clk 1:38:33]} 6. Be2 {[%clk 1:33:51]} Re8 {[%clk 1:33:16]} 7. O-O
{[%clk 1:32:55]} e4 {[%clk 1:31:34]} 8. Ne1 {[%clk 1:32:37]} Bxc3
{[%clk 1:29:02]} 9. bxc3 {[%clk 1:30:27]} Ne5 {[%clk 1:06:34]} 10. f3
{[%clk 1:17:46]} exf3 {[%clk 1:06:52]} 11. Nxf3 {[%clk 1:10:12]} Nxf3+
{[%clk 0:58:35]} 12. Bxf3 {[%clk 0:59:09]} d6 {[%clk 0:57:44]} 13. d3
{[%clk 0:57:59]} Ng4 {[%clk 0:57:26]} 14. Bxg4 {[%clk 0:50:53]} Bxg4
{[%clk 0:57:48]} 15. Qf2 {[%clk 0:51:17]} Bh5 {[%clk 0:52:27]} 16. e4
{[%clk 0:46:14]} c6 {[%clk 0:51:27]} 17. Rb1 {[%clk 0:42:24]} b6 {[%clk 0:49:12]}
18. Be3 {[%clk 0:29:50]} Bg6 {[%clk 0:48:49]} 19. Bd4 {[%clk 0:26:53]} Qg5
{[%clk 0:42:10]} 20. Rbe1 {[%clk 0:17:51]} Re6 {[%clk 0:39:45]} 21. Re3
{[%clk 0:17:11]} Qa5 {[%clk 0:35:38]} 22. Rg3 {[%clk 0:16:44]} f6
{[%clk 0:34:02]} 23. h4 {[%clk 0:16:14]} Qh5 {[%clk 0:27:35]} 24. Qf4
{[%clk 0:16:34]} c5 {[%clk 0:18:28]} 25. Bf2 {[%clk 0:15:59]} Rae8
{[%clk 0:15:22]} 26. Rf3 {[%clk 0:15:51]} Qe5 {[%clk 0:13:55]} 27. Qd2
{[%clk 0:16:16]} R6e7 {[%clk 0:12:58]} 28. g4 {[%clk 0:15:05]} Qe6
{[%clk 0:12:08]} 29. Qf4 {[%clk 0:13:24]} h6 {[%clk 0:11:06]} 30. Bg3
{[%clk 0:12:45]} b5 {[%clk 0:11:21]} 31. h5 {[%clk 0:07:21]} Bf7 {[%clk 0:08:21]}
32. cxb5 {[%clk 0:06:45]} c4 {[%clk 0:07:08]} 33. Qf5 {[%clk 0:04:21]} cxd3
{[%clk 0:06:39]} 34. Qxe6 {[%clk 0:04:46]} Bxe6 {[%clk 0:06:49]} 35. Bxd6
{[%clk 0:03:54]} Rd7 {[%clk 0:07:07]} 36. Rxd3 {[%clk 0:04:20]} Bc4
{[%clk 0:04:08]} 37. Rd4 {[%clk 0:04:44]} Bxb5 {[%clk 0:03:59]} 38. Re1
{[%clk 0:04:25]} 1/2-1/2

[Event "1SM"]
[Site "Sharjah Chess Club"]
[Date "2017.03.25"]
[Round "3.14"]
[White "Laxman, R.R."]
[Black "Amin, Bassem"]
[Result "0-1"]
[BlackElo "2660"]
[WhiteElo "2403"]
[LiveChessVersion "1.4.8"]

1. d4 {[%clk 1:40:17]} Nf6 {[%clk 1:40:02]} 2. Nf3 {[%clk 1:39:50]} g6
{[%clk 1:40:15]} 3. Bg5 {[%clk 1:38:31]} Bg7 {[%clk 1:40:07]} 4. Nbd2
{[%clk 1:38:55]} O-O {[%clk 1:40:24]} 5. c3 {[%clk 1:39:09]} d6 {[%clk 1:40:27]}
6. e4 {[%clk 1:38:36]} c5 {[%clk 1:40:22]} 7. dxc5 {[%clk 1:39:01]} dxc5
{[%clk 1:40:36]} 8. Bc4 {[%clk 1:39:02]} Nc6 {[%clk 1:40:31]} 9. O-O
{[%clk 1:38:50]} Qc7 {[%clk 1:40:51]} 10. Qe2 {[%clk 1:38:23]} Na5
{[%clk 1:40:18]} 11. Bd3 {[%clk 1:38:07]} h6 {[%clk 1:39:23]} 12. Bh4
{[%clk 1:38:08]} Nh5 {[%clk 1:39:28]} 13. Qe3 {[%clk 1:37:43]} g5
{[%clk 1:34:11]} 14. Bg3 {[%clk 1:37:58]} Nxg3 {[%clk 1:34:10]} 15. hxg3
{[%clk 1:38:26]} Be6 {[%clk 1:34:19]} 16. Rfe1 {[%clk 1:37:25]} Rfd8
{[%clk 1:33:47]} 17. Bc2 {[%clk 1:37:09]} Qb6 {[%clk 1:28:24]} 18. Reb1
{[%clk 1:33:28]} Rac8 {[%clk 1:19:35]} 19. Nh2 {[%clk 1:27:50]} Rc6
{[%clk 1:13:01]} 20. Nhf1 {[%clk 1:26:08]} Rcd6 {[%clk 1:07:49]} 21. e5
{[%clk 1:22:38]} R6d7 {[%clk 1:05:47]} 22. f4 {[%clk 1:18:54]} Nc4
{[%clk 1:03:43]} 23. Nxc4 {[%clk 1:19:10]} Bxc4 {[%clk 1:04:08]} 24. fxg5
{[%clk 1:17:32]} hxg5 {[%clk 1:00:04]} 25. Qxg5 {[%clk 1:16:47]} Be6
{[%clk 0:46:22]} 26. Ne3 {[%clk 1:12:28]} c4 {[%clk 0:45:21]} 27. Kh1
{[%clk 1:11:30]} Rd2 {[%clk 0:42:08]} 28. Bf5 {[%clk 1:07:14]} Re2
{[%clk 0:39:57]} 29. Bxe6 {[%clk 0:59:04]} Rxe3 {[%clk 0:40:05]} 30. Bf5
{[%clk 0:56:04]} Rxe5 {[%clk 0:38:31]} 31. Re1 {[%clk 0:55:42]} Qxb2
{[%clk 0:30:27]} 32. Rad1 {[%clk 0:52:40]} Rd3 {[%clk 0:27:38]} 33. Rb1
{[%clk 0:49:44]} Qxc3 {[%clk 0:25:30]} 34. Rxe5 {[%clk 0:46:20]} Qxe5
{[%clk 0:25:49]} 35. Rxb7 {[%clk 0:46:45]} Rd5 {[%clk 0:23:44]} 36. Qh4
{[%clk 0:45:48]} Rd8 {[%clk 0:16:37]} 37. Bh7+ {[%clk 0:37:28]} Kf8
{[%clk 0:17:05]} 38. Qf4 {[%clk 0:35:53]} Qh5+ {[%clk 0:14:14]} 39. Qh4
{[%clk 0:36:05]} Qxh4+ {[%clk 0:14:29]} 40. gxh4 {[%clk 0:36:33]} Be5
{[%clk 0:14:47]} 41. g4 {[%clk 0:32:24]} c3 {[%clk 0:14:50]} 42. Rb5
{[%clk 0:32:34]} Rd1+ {[%clk 0:13:05]} 43. Kg2 {[%clk 0:31:42]} Bd4
{[%clk 0:13:30]} 44. Kf3 {[%clk 0:30:22]} Rf1+ {[%clk 0:13:29]} 45. Kg3
{[%clk 0:30:30]} Kg7 {[%clk 0:13:33]} 46. Bc2 {[%clk 0:28:11]} Rc1
{[%clk 0:12:19]} 47. Rg5+ {[%clk 0:28:35]} Kh8 {[%clk 0:12:34]} 48. Rh5+
{[%clk 0:28:59]} Kg8 {[%clk 0:12:51]} 49. Rg5+ {[%clk 0:28:37]} Bg7
{[%clk 0:12:36]} 50. h5 {[%clk 0:28:21]} Kh8 {[%clk 0:12:41]} 51. h6
{[%clk 0:28:17]} Bf6 {[%clk 0:12:58]} 0-1

[Event "1SM"]
[Site "Sharjah Chess Club"]
[Date "2017.03.25"]
[Round "3.15"]
[White "Sindarov, Javokhir"]
[Black "Kuzubov, Yuriy"]
[Result "0-1"]
[BlackElo "2643"]
[WhiteElo "2374"]
[LiveChessVersion "1.4.8"]

1. e4 {[%clk 1:40:53]} c5 {[%clk 1:40:49]} 2. Nc3 {[%clk 1:41:00]} d6
{[%clk 1:39:34]} 3. f4 {[%clk 1:40:37]} g6 {[%clk 1:38:36]} 4. Bb5+
{[%clk 1:40:24]} Bd7 {[%clk 1:38:56]} 5. Bxd7+ {[%clk 1:40:45]} Qxd7
{[%clk 1:39:15]} 6. Nf3 {[%clk 1:40:40]} Bg7 {[%clk 1:39:31]} 7. O-O
{[%clk 1:40:56]} Nc6 {[%clk 1:39:08]} 8. d3 {[%clk 1:40:49]} e6 {[%clk 1:37:59]}
9. f5 {[%clk 1:28:57]} exf5 {[%clk 1:36:26]} 10. exf5 {[%clk 1:28:56]} Nge7
{[%clk 1:36:23]} 11. f6 {[%clk 1:18:43]} Bxf6 {[%clk 1:36:31]} 12. Ne4
{[%clk 1:19:09]} Bg7 {[%clk 1:35:31]} 13. Bh6 {[%clk 1:06:27]} O-O
{[%clk 1:33:32]} 14. Qd2 {[%clk 0:56:15]} f6 {[%clk 1:25:16]} 15. Bxg7
{[%clk 0:53:15]} Kxg7 {[%clk 1:25:39]} 16. Rae1 {[%clk 0:53:43]} Rad8
{[%clk 1:07:05]} 17. b4 {[%clk 0:28:38]} b6 {[%clk 0:59:52]} 18. bxc5
{[%clk 0:25:41]} dxc5 {[%clk 0:58:16]} 19. Qc3 {[%clk 0:25:56]} Nf5
{[%clk 0:55:35]} 20. g4 {[%clk 0:15:44]} Nfd4 {[%clk 0:54:51]} 21. g5
{[%clk 0:15:52]} Qg4+ {[%clk 0:51:50]} 22. Kh1 {[%clk 0:16:14]} Nxf3
{[%clk 0:51:07]} 23. gxf6+ {[%clk 0:16:41]} Kh8 {[%clk 0:49:33]} 24. f7+
{[%clk 0:15:21]} Ncd4 {[%clk 0:49:48]} 0-1

[Event "1SM"]
[Site "Sharjah Chess Club"]
[Date "2017.03.25"]
[Round "3.16"]
[White "Adly, Ahmed"]
[Black "Stany, G.A."]
[Result "1-0"]
[BlackElo "2495"]
[WhiteElo "2593"]
[LiveChessVersion "1.4.8"]

1. d4 {[%clk 1:40:42]} Nf6 {[%clk 1:40:53]} 2. Nf3 {[%clk 1:41:05]} g6
{[%clk 1:41:19]} 3. c4 {[%clk 1:41:28]} Bg7 {[%clk 1:41:39]} 4. g3
{[%clk 1:41:53]} d5 {[%clk 1:42:02]} 5. cxd5 {[%clk 1:42:19]} Nxd5
{[%clk 1:42:29]} 6. Bg2 {[%clk 1:42:44]} Nb6 {[%clk 1:42:55]} 7. Nc3
{[%clk 1:43:04]} Nc6 {[%clk 1:43:16]} 8. e3 {[%clk 1:43:30]} O-O {[%clk 1:43:41]}
9. O-O {[%clk 1:43:54]} Re8 {[%clk 1:44:06]} 10. Nh4 {[%clk 1:44:20]} e5
{[%clk 1:41:21]} 11. d5 {[%clk 1:44:17]} Na5 {[%clk 1:34:33]} 12. Rb1
{[%clk 1:44:12]} e4 {[%clk 1:24:32]} 13. Nxe4 {[%clk 1:44:20]} g5
{[%clk 1:20:51]} 14. Nxg5 {[%clk 1:44:39]} Qxg5 {[%clk 1:21:15]} 15. e4
{[%clk 1:45:06]} Qd8 {[%clk 0:51:41]} 16. b3 {[%clk 1:45:28]} c6 {[%clk 0:50:23]}
17. Qd2 {[%clk 1:44:22]} cxd5 {[%clk 0:48:16]} 18. exd5 {[%clk 1:44:20]} Bg4
{[%clk 0:32:52]} 19. Qxa5 {[%clk 1:39:41]} Be2 {[%clk 0:33:07]} 20. Bf4
{[%clk 1:36:38]} Bxf1 {[%clk 0:33:06]} 21. Rxf1 {[%clk 1:37:01]} Be5
{[%clk 0:30:09]} 22. Be3 {[%clk 1:34:42]} Nc8 {[%clk 0:29:19]} 23. Qb4
{[%clk 1:29:35]} Nd6 {[%clk 0:29:36]} 24. Rd1 {[%clk 1:29:34]} Qd7
{[%clk 0:28:15]} 25. Nf3 {[%clk 1:28:59]} Bg7 {[%clk 0:24:33]} 26. Qh4
{[%clk 1:19:17]} Nf5 {[%clk 0:17:02]} 27. Qg4 {[%clk 1:18:08]} h5
{[%clk 0:17:02]} 28. Qh3 {[%clk 1:18:02]} Rad8 {[%clk 0:13:53]} 29. Bg5
{[%clk 1:16:24]} f6 {[%clk 0:11:13]} 30. Bf4 {[%clk 1:16:52]} Ne7
{[%clk 0:11:32]} 31. Qxd7 {[%clk 1:14:22]} Rxd7 {[%clk 0:11:36]} 32. Bh3
{[%clk 1:14:50]} f5 {[%clk 0:07:42]} 33. d6 {[%clk 1:14:44]} Rf8 {[%clk 0:08:08]}
34. Nh4 {[%clk 1:14:51]} Rf7 {[%clk 0:07:01]} 35. Kg2 {[%clk 1:14:31]} Nc8
{[%clk 0:06:26]} 36. Bxf5 {[%clk 1:14:27]} 1-0